000 00436pab a2200145 454500
008 180718b1982 xxu||||| |||| 00| 0 eng d
100 _aBhaduri, Amit
245 _aThe role of rural credit in agrarian reform with special reform with special reference to India
260 _c1982
300 _a104-11
362 _aDec.
650 _aAgricultural Credit - India
773 _aEconomic Bulletin for Asia and the Pacific
909 _a3375
999 _c3375
_d3375